| 000 | 01081cac a2200265 a 4500 | ||
|---|---|---|---|
| 003 | Co-PeBPM | ||
| 005 | 20241010183059.0 | ||
| 007 | ta | ||
| 008 | 231129s1999||||ck ||||||||||||| ||spa|| | ||
| 020 | _a9583311510 | ||
| 040 |
_aCo-PeBPM _bspa _cCo-PeBPM _erda |
||
| 041 | _aspa | ||
| 082 | 0 | 4 |
_a070.44 V436m _222 |
| 100 |
_aVélez Castaño, Jairo _eautor |
||
| 245 | 0 |
_aMetidas de pata y otros... de Políticos y Periodistas _b: Una historia real contada a traves de anécdotas por sus protagonistas _c/ Jairo Vélez Castaño; corrección Mario Mejía Vélez |
|
| 250 | _aPrimera edición | ||
| 260 |
_aPereira, Colombia _b: Fondo Editorial de Risaralda _c, 1999 |
||
| 300 |
_a279 páginas _c20,5 centímetros |
||
| 500 | _aIncluye índice | ||
| 500 | _aContiene datos biográficos del autor en la solapa del texto | ||
| 650 | 1 | 4 |
_a Periodismo - Anécdotas, chistes, sátiras, etc _zColombia |
| 700 |
_aMejía Vélez, Mario _ecorrección |
||
| 942 |
_2ddc _cBK |
||
| 999 |
_c21030 _d21030 |
||